The ETC Program Issues and Answers: A Competency-Based Grammar (Record no. 950)

MARC details
005 - DATE AND TIME OF LATEST TRANSACTION
control field 20250319105735.0
020 ## - INTERNATIONAL STANDARD BOOK NUMBER
International Standard Book Number 0-394-35376-5
082 ## - DEWEY DECIMAL CLASSIFICATION NUMBER
Classification number 428 KIR
100 ## - MAIN ENTRY--PERSONAL NAME
Author name KIRN, E.
245 ## - TITLE STATEMENT
Title The ETC Program Issues and Answers: A Competency-Based Grammar
260 ## - PUBLICATION, DISTRIBUTION, ETC.
Place of publication, distribution, etc. New York,
Name of publisher, distributor, etc. Random House,
Date of publication, distribution, etc. 1989.
300 ## - PHYSICAL DESCRIPTION
Extent x, 180.: table
Dimensions 28cm.
942 ## - ADDED ENTRY ELEMENTS (KOHA)
Source of classification or shelving scheme Dewey Decimal Classification
Koha item type Books
Holdings
Date last seen Total checkouts Full call number Barcode Cost, replacement price Price effective from Koha item type Lost status Source of classification or shelving scheme Damaged status Not for loan Withdrawn status Home library Current library Shelving location Date acquired Cost, normal purchase price
03/19/2025   428 KIR 0000003785 30000.00 03/19/2025 Books   Dewey Decimal Classification       College of Business Education Main Library College of Business Education Main Library General Collection 03/19/2025 10000.00